Let me enjoy : (Record no. 21508)
[ view plain ]
| 000 -LEADER | |
|---|---|
| fixed length control field | 00628nam a2200217 a 4500 |
| 001 - CONTROL NUMBER | |
| control field | 21508 |
| 003 - CONTROL NUMBER IDENTIFIER | |
| rucl marc code | BD-RjUL |
| 005 - DATE AND TIME OF LATEST TRANSACTION | |
| control field | 20211209000708.0 |
| 008 - FIXED-LENGTH DATA ELEMENTS--GENERAL INFORMATION | |
| fixed length control field | 140304t1966 uk 000 0 eng d |
| 035 ## - SYSTEM CONTROL NUMBER | |
| System control number | (BD-RjUL)21572 |
| 040 ## - CATALOGING SOURCE | |
| Original cataloging agency | DLC |
| Language of cataloging | eng |
| Transcribing agency | DLC |
| Modifying agency | BD-RjUL |
| 041 ## - LANGUAGE CODE | |
| Language code of text/sound track or separate title | eng |
| 082 00 - DEWEY DECIMAL CLASSIFICATION NUMBER | |
| Classification number | 910 |
| Edition number | 18 |
| Author mark and year | SPL 1966 |
| 100 1# - MAIN ENTRY--PERSONAL NAME | |
| Personal name | Spate, O. H. K. |
| Fuller form of name | (Oskar Hermann Khristian), |
| Dates associated with a name | 1911-2000 |
| 9 (RLIN) | 66425 |
| 245 10 - TITLE STATEMENT | |
| Title | Let me enjoy : |
| Remainder of title | essays, partly geographical / |
| Statement of responsibility, etc. | O.H.K. Spate |
| 260 ## - PUBLICATION, DISTRIBUTION, ETC. (IMPRINT) | |
| Place of publication, distribution, etc. | London : |
| Name of publisher, distributor, etc. | Methuen, |
| Date of publication, distribution, etc. | 1966. |
| 300 ## - PHYSICAL DESCRIPTION | |
| Pagination | 303 p. : |
| Illustrations | ill. ; |
| Size | 23 cm |
| 650 #0 - SUBJECT ADDED ENTRY--TOPICAL TERM | |
| Topical term or geographic name as entry element | Essays |
| 9 (RLIN) | 66426 |
| Topical term or geographic name as entry element | Human geography |
| 9 (RLIN) | 66427 |
| 942 ## - ADDED ENTRY ELEMENTS (KOHA) | |
| Source of classification or shelving scheme | Dewey Decimal Classification |
| Koha item type | Books |
| Lost status | Source of classification or shelving scheme | Damaged status | Not for loan | Collection code | Permanent Location | Current Location | Shelving location | Date acquired | Source of acquisition | Cost, normal purchase price | Total Checkouts | Full call number | Date last seen | Copy number | Koha item type |
|---|---|---|---|---|---|---|---|---|---|---|---|---|---|---|---|
| Dewey Decimal Classification | Added to bundle | Non-fiction | Central Library, University of Rajshahi | Central Library, University of Rajshahi | Reading Room | 23/08/1968 | Zeitlinger | 50.00 | 910 SPL 1966 | 04/03/2014 | C-1 | Books |